Algebra
Сохранить в:
| Главный автор: | |
|---|---|
| Формат: | |
| Язык: | испанский |
| Опубликовано: |
Madrid
Tecnos
1967
|
| Предметы: | |
| Метки: |
Добавить метку
Нет меток, Требуется 1-ая метка записи!
|
MARC
| LEADER | 00000nam a2200000 a 4500 | ||
|---|---|---|---|
| 001 | UCV4586 | ||
| 003 | CL-VaPUC | ||
| 008 | 890412e19670000SP |||||||||||||||||spa|d | ||
| 082 | 0 | 4 | |a 512 |b GOD |2 21 |
| 100 | |a Godement, Roger |e author |9 426290 | ||
| 245 | 1 | 0 | |a Algebra |
| 300 | |a 830 p | ||
| 942 | |c BK | ||
| 945 | |d 19890412 00:00:00 | ||
| 260 | |a Madrid |b Tecnos |c 1967 | ||
| 650 | 0 | |a Álgebra |9 259567 | |
| 583 | |a last modification |c 20120924 13:44:04 |k Rodrigo Vera | ||
| 999 | |c 211329 |d 211327 | ||
| 952 | |0 0 |1 0 |4 0 |6 512_000000000000000_GOD_1967 |7 0 |8 A |9 190345 |a BIBMAT |b BIBMAT |d 2019-11-14 |i 2580950 |o 512 GOD 1967 |p 2580950 |r 2025-01-07 |w 2019-11-14 |y BK |k MAT | ||
| 952 | |0 0 |1 0 |4 0 |6 512_000000000000000_GOD_1967 |7 0 |8 A |9 190346 |a BIBMAT |b BIBMAT |d 2019-11-14 |i 2580969 |o 512 GOD 1967 |p 2580969 |r 2025-01-07 |w 2019-11-14 |y BK |k MAT | ||
| 952 | |0 0 |1 0 |4 0 |6 512_000000000000000_GOD_1967 |7 0 |8 A |9 190349 |a BIBMAT |b BIBMAT |d 2019-11-14 |i 149418K |o 512 GOD 1967 |p 149418K |r 2025-01-07 |w 2019-11-14 |y BK |k MAT | ||